[Event "AUTO-OPEN-3213"]
[Site "http://www.queenalice.com/game.php?id=1265713"]
[Date "2014.3.17"]
[Round "1"]
[White "Dougtzu"]
[Black "HelderNanques"]
[Result "0-1"]
[WhiteElo "1824"]
[BlackElo "2122"]

1. d4 Nf6 2. c4 e5 3. dxe5 Ng4 4. Nf3 Nc6 5. Nc3 Bc5 6. Bg5 Bxf2+ 7. Kd2 f6 8.
exf6 gxf6 9. Bf4 Bb6 10. Bg3 Ne3 11. Qc1 Qe7 12. Ke1 Nb4 0-1

[Event "AUTO-OPEN-3213"]
[Site "http://www.queenalice.com/game.php?id=1265734"]
[Date "2014.3.17"]
[Round "1"]
[White "clovis"]
[Black "Dougtzu"]
[Result "0-1"]
[WhiteElo "1926"]
[BlackElo "1741"]

1. e4 c5 2. Nf3 d6 3. d4 cxd4 4. Qxd4 Nc6 5. Bb5 Bd7 6. Qd3 Nf6 7. O-O g6 8. Nc3
Bg7 9. Bg5 a6 10. Ba4 O-O 11. Rad1 Qa5 12. Rfe1 Nb4 13. Qc4 Bxa4 14. Nxa4 Rac8
15. Qb3 Nxc2 16. Re2 Qb4 17. Rc1 Qxb3 18. axb3 Nb4 19. Rce1 h6 20. Bh4 Nd3 21.
Rd1 Rc1 22. Rxc1 Nxc1 23. Rc2 Nxb3 24. Rc7 Nxe4 25. Rxb7 Rc8 26. h3 Nbd2 27.
Nxd2 Rc1+ 28. Kh2 Be5+ 29. f4 Bxf4+ 30. g3 Bxd2 31. Bxe7 Re1 32. Rd7 Re2+ 33.
Kg1 Be3+ 34. Kf1 Nxg3# 0-1

[Event "AUTO-OPEN-3213"]
[Site "http://www.queenalice.com/game.php?id=1265735"]
[Date "2014.3.17"]
[Round "1"]
[White "Dougtzu"]
[Black "clovis"]
[Result "0-1"]
[WhiteElo "1747"]
[BlackElo "1909"]

1. d4 d5 2. c4 c6 3. Nc3 e6 4. Nf3 Nf6 5. Bg5 dxc4 6. e4 b5 7. a4 b4 8. Na2 Be7
9. Bxf6 Bxf6 10. Bxc4 Ba6 11. Bxa6 Nxa6 12. O-O O-O 13. Rc1 Rc8 14. b3 c5 15.
dxc5 Nxc5 16. Nxb4 Qxd1 17. Rfxd1 Nxb3 18. Rxc8 Rxc8 19. h3 Rc1 20. Rxc1 Nxc1
21. Kf1 Kf8 22. Ke1 Bc3+ 23. Kd1 Bxb4 24. Kxc1 Bc5 25. Kc2 Bxf2 26. Kc3 Ke7 27.
Kc4 h6 28. Nd4 Bxd4 29. Kxd4 Kd6 30. g4 f6 31. h4 g6 32. a5 Kc6 33. Kc4 f5 0-1

[Event "AUTO-OPEN-3213"]
[Site "http://www.queenalice.com/game.php?id=1265748"]
[Date "2014.3.17"]
[Round "1"]
[White "Dougtzu"]
[Black "Spessatto"]
[Result "1-0"]
[WhiteElo "1764"]
[BlackElo "1823"]

1. d4 d5 2. c4 Bf5 3. Nc3 e6 4. Nf3 h6 5. Bf4 Bd6 6. Bxd6 Qxd6 7. e3 Nf6 8. cxd5
Nxd5 9. Rc1 Bg4 10. Be2 O-O 11. O-O Nc6 12. Ne4 Qd8 13. Nc5 b6 14. Ne4 Nf6 15.
Nxf6+ Qxf6 16. Rxc6 Rfd8 17. Rxc7 a5 18. Ne5 Bxe2 19. Qxe2 Rac8 20. Rxf7 Qg5 21.
f4 Qh4 22. Rf3 Rc1+ 23. Rf1 Rxf1+ 24. Qxf1 Rc8 25. f5 exf5 26. Rxf5 Rc2 27. Rf4
Qh5 28. Qd3 Rxb2 29. Qf1 Qg5 30. Rf8+ Kh7 31. Qd3+ g6 32. Qf1 Qxe3+ 33. Kh1 1-0

[Event "AUTO-OPEN-3213"]
[Site "http://www.queenalice.com/game.php?id=1265749"]
[Date "2014.3.17"]
[Round "1"]
[White "Spessatto"]
[Black "Dougtzu"]
[Result "0-1"]
[WhiteElo "1861"]
[BlackElo "1803"]

1. d4 e6 2. h3 Nf6 3. Nf3 b6 4. Bf4 Bb7 5. e3 Nc6 6. c3 Be7 7. Bd3 d6 8. O-O O-O
9. Bc4 Na5 10. Bd3 c5 11. Bh2 cxd4 12. cxd4 Rc8 13. Nc3 Rc7 14. Ne2 Qa8 15. Ng3
Bxf3 16. gxf3 Rfc8 17. Ne4 Rd7 18. Nxf6+ Bxf6 19. Be4 d5 20. Bc2 Be7 21. Qd3 g6
22. Kh1 Bd6 23. Rg1 Bxh2 24. Kxh2 Qc6 25. Ba4 Qd6+ 26. Kh1 Rdc7 27. Rg2 Rc4 28.
b3 Rc3 29. Qd2 Rc2 30. Qe1 Qa3 31. Rg1 Rxa2 32. Rxa2 Qxa2 33. Qb4 Qxf2 34. Qd6
Qxf3+ 35. Rg2 Qxh3+ 36. Qh2 Rc1+ 37. Rg1 Rxg1+ 38. Kxg1 Qxe3+ 39. Kh1 Qxd4 40.
Qb8+ Kg7 41. Qxa7 h5 42. Be8 Qd1+ 43. Kg2 Qe2+ 44. Kg1 Qe3+ 45. Kg2 Qg5+ 46. Kh2
Qf4+ 47. Kg1 Nxb3 48. Qxb6 Nd2 49. Bb5 Nf3+ 50. Kf1 Nd4+ 51. Ke1 Nxb5 52. Qxb5
d4 0-1

[Event "AUTO-ADV-3128"]
[Site "http://www.queenalice.com/game.php?id=1274333"]
[Date "2014.4.19"]
[Round "1"]
[White "joao_messias"]
[Black "Dougtzu"]
[Result "1-0"]
[WhiteElo "1745"]
[BlackElo "1831"]

1. e4 c5 2. Nc3 d6 3. d3 Nf6 4. h3 g6 5. Bd2 Bg7 6. Nf3 Nc6 7. Be2 Bd7 8. O-O
O-O 9. Nh2 Rc8 10. Qc1 a6 11. Bh6 e6 12. Bxg7 Kxg7 13. Ng4 Nd4 14. Qd2 b5 15.
Nxf6 Qxf6 16. Nd1 1-0

[Event "AUTO-ADV-3128"]
[Site "http://www.queenalice.com/game.php?id=1274334"]
[Date "2014.4.19"]
[Round "1"]
[White "Dougtzu"]
[Black "joao_messias"]
[Result "0-1"]
[WhiteElo "1812"]
[BlackElo "1764"]

1. d4 d5 2. c4 dxc4 3. e4 e5 4. d5 c6 5. Bxc4 Bb4+ 6. Bd2 Bxd2+ 7. Qxd2 Nf6 8.
Nc3 O-O 9. Nf3 Re8 10. O-O cxd5 11. Bxd5 Nxd5 12. Qxd5 Qxd5 13. Nxd5 Na6 14.
Rac1 Be6 15. Nc7 Nxc7 0-1

[Event "AUTO-ADV-3128"]
[Site "http://www.queenalice.com/game.php?id=1274345"]
[Date "2014.4.19"]
[Round "1"]
[White "miltonlovisk"]
[Black "Dougtzu"]
[Result "1-0"]
[WhiteElo "1931"]
[BlackElo "1841"]

1. e4 c5 2. Nf3 d6 3. a3 Nf6 4. Nc3 g6 5. Bc4 Bg7 6. Ng5 O-O 7. d3 Nc6 8. h4 a6
9. Qf3 Bg4 10. Qg3 Ne5 11. Ba2 Nh5 12. Qh2 h6 13. Nh3 b5 14. Nf4 Nxf4 15. Qxf4
Qd7 16. Qg3 Kh7 17. Bf4 Rac8 18. Nd5 Be6 19. Nb6 1-0

[Event "AUTO-ADV-3128"]
[Site "http://www.queenalice.com/game.php?id=1274346"]
[Date "2014.4.19"]
[Round "1"]
[White "Dougtzu"]
[Black "miltonlovisk"]
[Result "0-1"]
[WhiteElo "1853"]
[BlackElo "1974"]

1. d4 d5 2. c4 dxc4 3. e4 b5 4. a4 c6 5. Nc3 Bd7 6. d5 Qc7 7. dxc6 Bxc6 8. axb5
Bb7 9. Be3 Nf6 10. f3 e6 11. Qd4 a5 12. Bxc4 Bb4 13. Ne2 O-O 14. O-O Rd8 15. Qb6
Qxb6 16. Bxb6 Rc8 17. Bb3 Nbd7 18. Bd4 e5 19. Be3 Nc5 20. Ba2 Nd3 21. Rab1 Bc5
22. Bxc5 Rxc5 23. Rfd1 Nb4 24. Bb3 g6 25. Rd6 Kg7 0-1

[Event "AUTO-ADV-3128"]
[Site "http://www.queenalice.com/game.php?id=1274351"]
[Date "2014.4.19"]
[Round "1"]
[White "miltonloviski"]
[Black "Dougtzu"]
[Result "1-0"]
[WhiteElo "1942"]
[BlackElo "1819"]

1. e4 c5 2. Nf3 d6 3. a3 Nf6 4. Nc3 g6 5. Bc4 Bg7 6. Ng5 O-O 7. h3 Nc6 8. d3 Bd7
9. O-O a6 10. f4 b5 11. Ba2 Nd4 12. Be3 Rc8 13. e5 dxe5 14. fxe5 Nh5 15. e6 fxe6
16. Nce4 Ng3 17. Nxg3 1-0

[Event "AUTO-ADV-3128"]
[Site "http://www.queenalice.com/game.php?id=1274352"]
[Date "2014.4.19"]
[Round "1"]
[White "Dougtzu"]
[Black "miltonloviski"]
[Result "0-1"]
[WhiteElo "1842"]
[BlackElo "1957"]

1. d4 d5 2. c4 dxc4 3. e4 b5 4. a4 c6 5. Nc3 Bd7 6. d5 e6 7. dxc6 Bxc6 8. axb5
Qxd1+ 9. Kxd1 Bb7 10. Bxc4 Bb4 11. Bd2 Nf6 12. f3 Nbd7 13. Nge2 Nb6 14. b3 O-O
15. Kc2 Rfc8 16. Rhd1 Nxc4 17. bxc4 Nd7 18. Kb3 Be7 19. Be3 Nc5+ 20. Kc2 a5 21.
bxa6 Nxa6 22. Rd7 Rc7 23. Rxc7 Nxc7 0-1

[Event "AUTO-OPEN-3235"]
[Site "http://www.queenalice.com/game.php?id=1274469"]
[Date "2014.4.19"]
[Round "1"]
[White "Parma"]
[Black "Dougtzu"]
[Result "1-0"]
[WhiteElo "1974"]
[BlackElo "1829"]

1. d4 Nf6 2. c4 b6 3. Nf3 Bb7 4. e3 d6 5. g3 Nbd7 6. Bg2 Rb8 7. O-O g6 8. Nc3
Bg7 9. b4 O-O 10. Bb2 e6 11. Qe2 c5 12. dxc5 bxc5 13. b5 Nb6 14. a4 a6 15. Rfd1
d5 16. cxd5 Nfxd5 17. Nxd5 Bxb2 18. Nxb6 Qxb6 19. Qxb2 Bc6 20. Rd6 axb5 21. Ne5
1-0

[Event "AUTO-OPEN-3235"]
[Site "http://www.queenalice.com/game.php?id=1274470"]
[Date "2014.4.19"]
[Round "1"]
[White "Dougtzu"]
[Black "Parma"]
[Result "1-0"]
[WhiteElo "1839"]
[BlackElo "1949"]

1. d4 d5 2. c4 Nf6 3. Nc3 e6 4. Nf3 Be7 5. Bf4 O-O 6. e3 c5 7. cxd5 Nxd5 8. Nxd5
Qxd5 9. Qc2 cxd4 10. exd4 Bd7 11. Be2 Rc8 12. Qd3 a6 13. O-O Bf6 14. Be5 Bxe5
15. Nxe5 Bb5 16. Qe3 Bxe2 17. Qxe2 Qxd4 18. Rfd1 Qb4 19. Qf3 f5 20. Qh5 Qe7 21.
Rac1 Rxc1 22. Rxc1 g6 23. Nxg6 Qf7 24. Qh6 Qxg6 25. Rc8+ Kf7 26. Qf8# 1-0

[Event "AUTO-OPEN-3235"]
[Site "http://www.queenalice.com/game.php?id=1274495"]
[Date "2014.4.19"]
[Round "1"]
[White "Dougtzu"]
[Black "alfonso"]
[Result "1-0"]
[WhiteElo "1812"]
[BlackElo "1502"]

1. d4 d5 2. c4 c6 3. Nc3 e6 4. Nf3 Bb4 5. e3 Nf6 6. Bd2 h6 7. cxd5 cxd5 8. Qa4+
Bd7 9. Qxb4 Bc6 10. Bb5 a5 11. Bxc6+ Nxc6 12. Qxb7 Rc8 13. O-O O-O 14. Qb5 Qd6
15. Rac1 Rb8 16. Qd3 Nb4 17. Qb1 g5 18. a3 Nc6 19. Na4 Ne4 20. Bc3 g4 21. Nd2 f5
22. Nxe4 fxe4 23. f3 g3 24. h3 Ra8 25. fxe4 Rf7 26. Rxf7 Kxf7 27. Rf1+ Ke7 28.
e5 Qc7 29. Qh7+ Kd8 30. Rf8# 1-0

[Event "AUTO-OPEN-3235"]
[Site "http://www.queenalice.com/game.php?id=1274496"]
[Date "2014.4.19"]
[Round "1"]
[White "alfonso"]
[Black "Dougtzu"]
[Result "0-1"]
[WhiteElo "1506"]
[BlackElo "1808"]

1. e4 c5 2. Bc4 d6 3. Qf3 Nf6 4. Bb5+ Bd7 5. Bc4 Nc6 6. h3 g6 7. c3 Bg7 8. g4
Ne5 9. Qe2 O-O 10. g5 Nh5 11. d3 b5 12. Bd5 Bc6 13. Bb3 c4 14. dxc4 bxc4 15. Bc2
f6 16. f3 Ng3 17. Qg2 Nxh1 18. Qxh1 f5 19. f4 Nd3+ 20. Bxd3 cxd3 21. Bd2 Bxe4
22. Qh2 Qb6 23. b4 a5 24. h4 axb4 25. c4 Bxa1 26. h5 Rxa2 27. Nh3 Bc3 28. Kd1
Bxd2 29. hxg6 Bf3+ 0-1

[Event "AUTO-OPEN-3235"]
[Site "http://www.queenalice.com/game.php?id=1274497"]
[Date "2014.4.19"]
[Round "1"]
[White "Dougtzu"]
[Black "muppyman"]
[Result "0-1"]
[WhiteElo "1857"]
[BlackElo "2563"]

1. d4 d5 2. c4 Nf6 3. Nc3 e6 4. Nf3 Be7 5. Bf4 O-O 6. e3 Nbd7 7. cxd5 Nxd5 8.
Nxd5 exd5 9. Bd3 c5 10. O-O c4 11. Bc2 f5 12. Rc1 g5 13. Be5 g4 0-1

[Event "AUTO-OPEN-3235"]
[Site "http://www.queenalice.com/game.php?id=1274498"]
[Date "2014.4.19"]
[Round "1"]
[White "muppyman"]
[Black "Dougtzu"]
[Result "1-0"]
[WhiteElo "2562"]
[BlackElo "1859"]

1. e4 c5 2. Nf3 d6 3. d4 cxd4 4. Nxd4 Nf6 5. Nc3 g6 6. Be3 Bg7 7. f3 Nc6 8. Qd2
Bd7 9. Nxc6 bxc6 10. Bc4 Rb8 11. Rb1 c5 12. O-O O-O 13. e5 Bc6 14. exf6 1-0